[Event "Curitiba op"]
[Site "Curitiba"]
[Date "2018.02.24"]
[Round "3"]
[White "Laperuta, Renan Portes"]
[Black "Silvestre, Vitor Iwasse"]
[Result "0-1"]
[WhiteElo "1425"]
[BlackElo "1842"]
[PlyCount "50"]
[EventDate "2018.02.23"]
[EventType "swiss"]
[EventRounds "6"]
[EventCountry "BRA"]
[SourceTitle "CBM 183 Extra"]
[Source "ChessBase"]
[SourceDate "2018.04.19"]
[SourceVersion "1"]
[SourceVersionDate "2018.04.19"]
[SourceQuality "1"]

1. e4 e6 2. d4 d5 3. e5 c5 4. c3 Nc6 5. Nf3 Qb6 6. Bd3 Bd7 7. Bc2 Nge7 8. 0-0 Nf5 9. Bxf5 exf5 10. b3 Be6 11. Ba3 Be7 12. Re1 0-0 13. Qd3 Rfd8 14. Bxc5 Bxc5 15. dxc5 Qxc5 16. Nd4 Rac8 17. Nxf5 d4 18. cxd4 Bxf5 19. Qxf5 Qxd4 20. Na3 a6 21. Nc4 Rc7 22. Nd6 Re7 23. Rad1 Qc5 24. Rc1 Qa5 25. Qc2 Rxd6 0-1

[Event "Sao Bento do Sul U2050 1st"]
[Site "Sao Bento do Sul"]
[Date "2016.05.22"]
[Round "6.17"]
[White "Furmam, Fernando Gustavo"]
[Black "Silvestre, Vitor Iwasse"]
[Result "0-1"]
[WhiteElo "1687"]
[BlackElo "1840"]
[PlyCount "81"]
[EventDate "2016.05.20"]
[EventType "swiss"]
[EventRounds "7"]
[EventCountry "BRA"]
[SourceTitle "EXT 2022"]
[Source "ChessBase"]
[SourceDate "2021.10.06"]
[SourceVersion "1"]
[SourceVersionDate "2021.10.06"]
[SourceQuality "1"]

1. d4 Nf6 2. e3 c5 3. Bd3 g6 4. f4 cxd4 5. exd4 d5 6. Nf3 Nc6 7. c3 Bg7 8. 0-0 0-0 9. Nbd2 Ng4 10. Qe2 Qc7 11. Ne5 Ncxe5 12. fxe5 Nh6 13. Qf3 e6 14. Qh3 Nf5 15. g4 Ne7 16. g5 Nc6 17. Rf4 Nxe5 18. dxe5 Bxe5 19. Rh4 f5 20. Nf3 Bd6 21. Nd4 a6 22. Qf3 Qf7 23. Bc2 b6 24. Bb3 Bb7 25. Be3 Kg7 26. Re1 Rae8 27. Qh3 Rh8 28. Nf3 Qc7 29. Rd4 Rhf8 30. Rd2 Rf7 31. Bd4+ e5 32. Bf2 Rd8 33. Bxd5 Bxd5 34. Rxd5 e4 35. Bd4+ Kg8 36. Bf6 Bc5+ 37. Rd4 Rxf6 38. gxf6 exf3 39. Qxf3 Qd6 40. f7+ Kxf7 41. Red1 0-1

[Event "Sao Bento do Sul U2050 1st"]
[Site "Sao Bento do Sul"]
[Date "2016.05.22"]
[Round "7.11"]
[White "Silvestre, Vitor Iwasse"]
[Black "Hirota da Silva, Nilton Jose"]
[Result "1-0"]
[WhiteElo "1840"]
[BlackElo "1946"]
[PlyCount "73"]
[EventDate "2016.05.20"]
[EventType "swiss"]
[EventRounds "7"]
[EventCountry "BRA"]
[SourceTitle "EXT 2022"]
[Source "ChessBase"]
[SourceDate "2021.10.06"]
[SourceVersion "1"]
[SourceVersionDate "2021.10.06"]
[SourceQuality "1"]

1. e4 c6 2. d4 d6 3. Nf3 Bg4 4. c4 Nd7 5. Be2 Bxf3 6. Bxf3 e5 7. Be3 Ngf6 8. 0-0 Be7 9. Nc3 0-0 10. Qe2 Qc7 11. d5 c5 12. g3 a6 13. Bg2 Rae8 14. Bd2 h6 15. Nd1 Nh7 16. Ne3 Bg5 17. Nf5 Bxd2 18. Qxd2 Nb6 19. Qe2 Nc8 20. Qg4 f6 21. Nxh6+ Kh8 22. Nf5 Rg8 23. Nh4 g5 24. Nf5 Nf8 25. Qh5+ Nh7 26. Bh3 Ref8 27. Nh6 Rg7 28. Be6 g4 29. Nxg4 Rg5 30. Qh3 Nb6 31. b3 Qg7 32. f4 exf4 33. gxf4 Rg6 34. Kh1 Qe7 35. Ne3 Na8 36. Rg1 Rxg1+ 37. Rxg1 1-0

[Event "Curitiba op"]
[Site "Curitiba"]
[Date "2016.04.24"]
[Round "7"]
[White "Deus Filho, Joaquim"]
[Black "Silvestre, Vitor Iwasse"]
[Result "1-0"]
[WhiteElo "2030"]
[BlackElo "1840"]
[PlyCount "63"]
[EventDate "2016.04.21"]
[EventType "swiss"]
[EventRounds "7"]
[EventCountry "BRA"]
[SourceTitle "CBM 172 Extra"]
[Source "ChessBase"]
[SourceDate "2016.06.21"]
[SourceVersion "1"]
[SourceVersionDate "2016.06.21"]
[SourceQuality "1"]

1. e4 e6 2. Qe2 c5 3. f4 Nc6 4. Nf3 Be7 5. g3 Nf6 6. Bg2 b6 7. 0-0 Bb7 8. d3 d6 9. Nc3 a6 10. a4 Qc7 11. Rd1 e5 12. fxe5 dxe5 13. Bh3 Nd4 14. Qg2 Qd6 15. Rf1 Bc6 16. g4 Nd7 17. Nd1 0-0-0 18. Nxd4 Qxd4+ 19. Be3 Qd6 20. Rxf7 Bf6 21. g5 Rhg8 22. gxf6 gxf6 23. Rg7 Rh8 24. a5 b5 25. Qf2 Rhg8 26. Rxg8 Rxg8+ 27. Kf1 Kb7 28. Nc3 b4 29. Nd5 Bxd5 30. exd5 Kb8 31. Be6 Rg6 32. Ke2 1-0

[Event "Curitiba Parana-ch"]
[Site "Curitiba"]
[Date "2016.01.26"]
[Round "1"]
[White "Silvestre, Vitor Iwasse"]
[Black "Lisboa, Joana Cunha"]
[Result "1-0"]
[WhiteElo "1823"]
[BlackElo "1765"]
[PlyCount "75"]
[EventDate "2016.01.26"]
[EventType "swiss"]
[EventRounds "8"]
[EventCountry "BRA"]
[SourceTitle "CBM 170 Extra"]
[Source "ChessBase"]
[SourceDate "2016.02.25"]
[SourceVersion "1"]
[SourceVersionDate "2016.02.25"]
[SourceQuality "1"]

1. e4 e6 2. d4 d5 3. e5 c5 4. c3 Nc6 5. Nf3 Bd7 6. Be2 Qb6 7. 0-0 Nge7 8. Na3 Nf5 9. Nc2 Be7 10. Bd3 0-0 11. a3 c4 12. Bxf5 exf5 13. Re1 Na5 14. Bf4 Nb3 15. Rb1 Qg6 16. g3 h6 17. Ne3 Be6 18. Kg2 Qh5 19. Nf1 g5 20. Bd2 Kh7 21. Nxg5+ Bxg5 22. Qxh5 Bxd2 23. Re2 Bc1 24. f4 Rg8 25. Kh1 Rg7 26. Qf3 Rag8 27. Rc2 Bd7 28. Rbxc1 Ba4 29. Ne3 Nxc1 30. Rxc1 Bd7 31. Nxd5 Bc6 32. Nf6+ Kh8 33. d5 Bb5 34. Nxg8 Rxg8 35. Qh5 Kg7 36. Qxf5 Rf8 37. Qf6+ Kh7 38. e6 1-0